Bottom soils, sediment, and pond aquaculture

Guardado en:
Detalles Bibliográficos
Autor principal: Boyd, Claude E (Autor)
Formato: Libro
Lenguaje:inglés
Publicado: Nueva York Chapman and Hall 1995
Materias:
Etiquetas: Agregar Etiqueta
Sin Etiquetas, Sea el primero en etiquetar este registro!

MARC

LEADER 00000nam a2200000 a 4500
001 UCR5929
003 CL-VaPUC
008 980403e19950000US |||||||||||||||||eng|d
082 0 4 |a 639.311  |b BOY  |2 21 
100 0 |a Boyd, Claude E  |e author  |9 406906 
245 1 0 |a Bottom soils, sediment, and pond aquaculture 
300 |a 348 p 
942 |c BK 
945 |d 19980403 00:00:00  |a rleighto 
260 |a Nueva York  |b Chapman and Hall  |c 1995 
650 7 |a ESTANQUES DE PECES  |2 CL-VaPUC  |9 261533 
650 7 |a PSICULTURA  |2 CL-VaPUC  |9 406907 
650 0 |a Acuicultura  |9 258883 
650 7 |a PECES  |2 CL-VaPUC  |9 406908 
650 0 |a Suelos  |9 260322 
650 0 |a Peces de agua dulce   |9 261578 
650 0 |a Cultivo de peces  |9 350529 
583 |a last modification  |c 20170406 01:53:30  |k Rodrigo Vera 
999 |c 268270  |d 268268 
952 |0 0  |1 0  |4 0  |6 639_311000000000000_BOY_1995  |7 0  |8 CCM  |9 301259  |a BIBCUR  |b BIBCUR  |d 2019-11-20  |i 3405311  |o 639.311 BOY 1995  |p 3405311  |r 2025-04-22  |w 2019-11-20  |y BK  |k CIM